000 00626nam a2200229Ia 4500
003 OSt
005 20221005133704.0
006 a|||||r|||| 00| 0
007 ta
008 221004b |||||||| |||| 00| 0 pan d
024 _a27757
037 _cTextual
040 _aCRL
_cCRL
_bpan
041 _2pan
_apan
082 _aY1:351x, 153K0
100 _aਅੰਮ੍ਰਿਤਾ ਪ੍ਰੀਤਮ
245 0 _aਆਸਮਾਂ
260 _c1960
650 _aਸਮਾਜ Fਾਸਤਰ
942 _hY1:351x, 153K0
_cTEXL
_2cc
999 _c1067563
_d1067563